Các tính chất vật lý của đá = Les propriétés physiques des roches théories et modèles

Uloženo v:
Podrobná bibliografie
Hlavní autor: J Grolier
Médium: Kniha
Jazyk:Undetermined
Vydáno: Hà Nội Giáo Dục 1995
Témata:
Tagy: Přidat tag
Žádné tagy, Buďte první, kdo otaguje tento záznam!
Thư viện lưu trữ: Trung tâm Học liệu Trường Đại học Cần Thơ
LEADER 00560nam a2200181Ia 4500
001 CTU_3299
008 210402s9999 xx 000 0 und d
082 |a 552 
082 |b G875 
100 |a J Grolier 
245 0 |a Các tính chất vật lý của đá 
245 0 |b = Les propriétés physiques des roches théories et modèles 
245 0 |c J Grolier; Dịch giả: Lê Phước Hảo 
260 |a Hà Nội 
260 |b Giáo Dục 
260 |c 1995 
650 |a rocks 
980 |a Trung tâm Học liệu Trường Đại học Cần Thơ